[Event "X Weekend A Primavera"]
[Site "Genova ITA"]
[Date "2007.03.25"]
[Round "5"]
[White "Melling, Jonathon"]
[Black "Vicari, Luigi"]
[Result "0-1"]
[WhiteElo "1545"]
[BlackElo "2044"]
[PlyCount "120"]
[EventDate "2007.03.23"]

1. e4 c5 2. Nf3 d6 3. Nc3 Nf6 4. d4 cxd4 5. Nxd4 g6 6. Be2 Bg7 7. Be3 O-O 8.
Qd2 Nc6 9. Nxc6 bxc6 10. Bh6 Qb6 11. Bxg7 Kxg7 12. b3 a5 13. Na4 Qb4 14. Qxb4
axb4 15. Bd3 Bd7 16. a3 bxa3 17. Rxa3 Ra7 18. Ke2 Rfa8 19. Rha1 c5 20. f3 Bc6
21. R3a2 d5 22. Nc3 Rxa2 23. Rxa2 Rxa2 24. Nxa2 dxe4 25. fxe4 Nxe4 26. b4 cxb4
27. Nxb4 Bb7 28. g3 Kf6 29. Ke3 Ke5 30. Bc4 f6 31. Bg8 h6 32. Bh7 Kf5 33. Nd3
e5 34. Bg8 Nc3 35. Nc5 Nd5+ 36. Kf2 Bc6 37. h4 e4 38. c4 Nc7 39. Nb3 Ke5 40.
Ke3 f5 41. Nd4 Bd7 42. Ne2 g5 43. hxg5 hxg5 44. Bf7 Be6 45. Bh5 Bxc4 46. Ng1
f4+ 47. gxf4+ gxf4+ 48. Kd2 Be6 49. Bd1 Nb5 50. Ne2 Nd4 51. Nc3 Bc4 52. Bg4 e3+
53. Ke1 f3 54. Bxf3 Nxf3+ 55. Kd1 Kd4 56. Kc2 Ne1+ 57. Kb2 Nd3+ 58. Kc2 Nb4+
59. Kb2 Kd3 60. Nd1 e2 0-1

[Event "X Weekend A Primavera"]
[Site "Genova ITA"]
[Date "2007.03.25"]
[Round "5"]
[White "Nikolajevic, Tihomir"]
[Black "Pedemonte, Claudio"]
[Result "1/2-1/2"]
[WhiteElo "1750"]
[BlackElo "1928"]
[PlyCount "61"]
[EventDate "2007.03.23"]

1. e4 d5 2. exd5 Qxd5 3. Nc3 Qa5 4. d4 Nf6 5. Nf3 c6 6. Bd2 Qb6 7. Bc1 Bf5 8.
Bd3 Bxd3 9. Qxd3 e6 10. O-O Be7 11. a3 a5 12. b3 Nbd7 13. Na4 Qc7 14. c4 O-O
15. Bb2 Rfd8 16. Qe2 c5 17. Nc3 cxd4 18. Nb5 Qf4 19. Bxd4 Nc5 20. Be5 Qe4 21.
Qxe4 Nfxe4 22. Rab1 Rac8 23. Bd4 b6 24. b4 Na4 25. Rfc1 f6 26. g3 e5 27. Be3
Rd3 28. Kg2 Kf7 29. Ne1 Rd7 30. Nf3 Rd3 31. Ne1 1/2-1/2

[Event "X Weekend A Primavera"]
[Site "Genova ITA"]
[Date "2007.03.25"]
[Round "5"]
[White "Pesce, Leandro"]
[Black "Gnetti, Paolo"]
[Result "1-0"]
[WhiteElo "1716"]
[BlackElo "1671"]
[PlyCount "81"]
[EventDate "2007.03.23"]

1. e4 Nf6 2. d3 e5 3. Nf3 Nc6 4. c3 d5 5. exd5 Nxd5 6. g3 Bg4 7. Bg2 Qd7 8. O-O
O-O-O 9. Qc2 Be7 10. a4 h5 11. a5 a6 12. Re1 Bxf3 13. Bxf3 h4 14. Ra4 hxg3 15.
fxg3 Kb8 16. b4 Ndxb4 17. cxb4 Qxd3 18. Qxd3 Rxd3 19. Bxc6 bxc6 20. Be3 Bd6 21.
Nd2 f5 22. Re2 f4 23. gxf4 exf4 24. Bc5 f3 25. Rf2 Bxh2+ 26. Rxh2 Rxh2 27. Kxh2
Rxd2+ 28. Kg3 Rd3 29. Ra2 Kc8 30. Rf2 g5 31. Rxf3 Rxf3+ 32. Kxf3 Kb7 33. Kg4
Kc8 34. Kxg5 Kb7 35. Kf6 Kc8 36. Ke7 Kb7 37. Kd7 Ka8 38. Be3 Kb7 39. Bf4 Ka8
40. Kxc7 Ka7 41. Kxc6 1-0

[Event "X Weekend A Primavera"]
[Site "Genova ITA"]
[Date "2007.03.25"]
[Round "5"]
[White "Rodriguez Alvarez, Alan"]
[Black "Gardini, Enrico"]
[Result "1-0"]
[WhiteElo "2116"]
[BlackElo "1915"]
[PlyCount "67"]
[EventDate "2007.03.23"]

1. e4 d5 2. exd5 Qxd5 3. Nf3 Nf6 4. Nc3 Qd8 5. d4 Bg4 6. Be2 e6 7. O-O Be7 8.
Ne5 Bxe2 9. Qxe2 O-O 10. Rd1 c6 11. Na4 Nbd7 12. c4 Qc7 13. Bg5 Nxe5 14. dxe5
Ne8 15. Bd2 Rd8 16. Rac1 g6 17. Nc3 Ng7 18. f4 Nf5 19. Kh1 Kg7 20. Ne4 Nd4 21.
Qe3 c5 22. Bc3 Nf5 23. Qh3 Nd4 24. Re1 Rd7 25. Re3 Qd8 26. g4 h6 27. Rg1 b6 28.
f5 f6 29. fxe6 Nxe6 30. exf6+ Bxf6 31. Nxf6 Rxf6 32. Rxe6 Qa8+ 33. Qg2 Qxg2+
34. Rxg2 1-0

[Event "X Weekend A Primavera"]
[Site "Genova ITA"]
[Date "2007.03.25"]
[Round "5"]
[White "Saffioti, Cristian"]
[Black "Biancotti, Alessandro"]
[Result "1-0"]
[WhiteElo "1938"]
[BlackElo "1895"]
[PlyCount "155"]
[EventDate "2007.03.23"]

1. e4 c5 2. Nc3 Nc6 3. Bb5 d6 4. Bxc6+ bxc6 5. d3 Nf6 6. Nge2 g6 7. O-O Bg7 8.
Bg5 O-O 9. Qd2 Qb6 10. b3 Re8 11. Bh6 Bh8 12. h3 d5 13. Na4 Qb4 14. c3 Qa5 15.
e5 Nd7 16. f4 e6 17. g4 Qd8 18. Bg5 f6 19. exf6 Bxf6 20. Bxf6 Qxf6 21. Rae1 Ba6
22. c4 Bb7 23. Qa5 Qd8 24. Qxd8 Raxd8 25. Ng3 Kf7 26. Re2 Kg7 27. Rfe1 Kf7 28.
Nf1 Re7 29. Nd2 Rde8 30. Nf3 Kf6 31. Ne5 Nxe5 32. Rxe5 dxc4 33. dxc4 Rd8 34.
Nxc5 Bc8 35. f5 gxf5 36. gxf5 Rg7+ 37. Kf2 exf5 38. R1e2 Rdg8 39. Re8 Rg2+ 40.
Ke1 f4 41. Ne4+ Kf5 42. Nd6+ Kf6 43. Rxc8 Rg1+ 44. Kd2 R8g6 45. c5 Ra1 46. Rf8+
Kg5 47. Rf5+ Kh4 48. Rxf4+ Kxh3 49. Re3+ Kg2 50. Ra4 Rg5 51. Rxa7 Rd5+ 52. Ke2
Rxc5 53. Rg7+ Kh2 54. Rxh7+ Kg2 55. Rg3+ Kxg3 56. Ne4+ Kf4 57. Nxc5 Rxa2+ 58.
Kd3 Ke5 59. Rd7 Rh2 60. Kc3 Rh4 61. Nd3+ Ke6 62. Rd4 Rh1 63. Kb4 Rb1 64. Ka5
Ke7 65. b4 Rb3 66. Kb6 Rc3 67. Nc5 Rh3 68. Kxc6 Rh6+ 69. Kc7 Rh5 70. Rd7+ Ke8
71. Kc6 Rh6+ 72. Rd6 Rh4 73. b5 Ke7 74. b6 Rb4 75. b7 Rb2 76. Rd7+ Ke8 77. Kc7
Rb5 78. b8=Q+ 1-0

[Event "X Weekend A Primavera"]
[Site "Genova ITA"]
[Date "2007.03.25"]
[Round "5"]
[White "Tampoia, Chiara"]
[Black "Bavosi, Mariano"]
[Result "1-0"]
[WhiteElo "1602"]
[BlackElo "1866"]
[PlyCount "119"]
[EventDate "2007.03.23"]

1. e4 Nf6 2. Nc3 d5 3. exd5 Nxd5 4. d3 e5 5. Nxd5 Qxd5 6. Nf3 Bg4 7. Be2 Nc6 8.
O-O O-O-O 9. Ne1 Bxe2 10. Qxe2 Nd4 11. Qe4 Qxe4 12. dxe4 Ne2+ 13. Kh1 Rd1 14.
g3 Rxc1 15. Rxc1 Nxc1 16. Nf3 Nxa2 17. Ra1 Nb4 18. Rxa7 Kb8 19. Ra4 Nxc2 20.
Nxe5 Bd6 21. Nd7+ Kc8 22. Ra8+ Kxd7 23. Rxh8 h6 24. f4 Ne3 25. e5 Be7 26. Ra8
f6 27. Rg8 g5 28. exf6 Bxf6 29. b3 gxf4 30. gxf4 Nd5 31. Rg6 h5 32. f5 h4 33.
Rg2 Kc6 34. Rg4 b5 35. Re4 Kc5 36. Kg2 b4 37. Kh3 Kb5 38. Kg4 c6 39. Kh5 Ne7
40. Re6 Nxf5 41. Rxf6 Nd4 42. Kxh4 Nxb3 43. Kg5 Nd4 44. h4 c5 45. h5 c4 46. h6
c3 47. h7 c2 48. Rf1 b3 49. Kg6 b2 50. h8=Q c1=Q 51. Qb8+ Ka6 52. Rf6+ Nc6 53.
Qa8+ Kb5 54. Qb7+ Ka5 55. Rf5+ Ka4 56. Qb5+ Ka3 57. Rf3+ Ka2 58. Qa4+ Kb1 59.
Qe4+ Ka1 60. Ra3# 1-0

[Event "X Weekend A Primavera"]
[Site "Genova ITA"]
[Date "2007.03.25"]
[Round "5"]
[White "Vozza, Nicola"]
[Black "Banchio, Davide"]
[Result "1-0"]
[WhiteElo "1971"]
[BlackElo "1946"]
[PlyCount "89"]
[EventDate "2007.03.23"]

1. d4 Nf6 2. c4 g6 3. Nc3 Bg7 4. e4 d6 5. Nf3 O-O 6. Be2 e5 7. O-O Nc6 8. d5
Ne7 9. b4 Nh5 10. Re1 f5 11. Ng5 Nf6 12. Bf3 f4 13. c5 h6 14. Ne6 Bxe6 15. dxe6
dxc5 16. Ba3 c6 17. b5 Qc8 18. Qb3 cxb5 19. Nxb5 Rd8 20. Rad1 a6 21. Nd6 Qc6
22. Nf7 Rxd1 23. Rxd1 c4 24. Qb4 Qxe6 25. Nd8 Nc6 26. Nxe6 Nxb4 27. Bxb4 a5 28.
Bc3 Re8 29. Rd8 b5 30. Bxa5 Rxd8 31. Nxd8 Bf8 32. Nc6 g5 33. h3 h5 34. g4 fxg3
35. fxg3 g4 36. hxg4 hxg4 37. Bg2 Bc5+ 38. Kf1 Bd4 39. Nxd4 exd4 40. e5 Nd7 41.
e6 Ne5 42. Bd5 Kf8 43. Bb4+ Ke8 44. Bd6 d3 45. Bxe5 1-0

[Event "X Weekend A Primavera"]
[Site "Genova ITA"]
[Date "2007.03.25"]
[Round "5"]
[White "Zunino, Davide"]
[Black "Pesce, Gabriele"]
[Result "1/2-1/2"]
[WhiteElo "1917"]
[BlackElo "1984"]
[PlyCount "101"]
[EventDate "2007.03.23"]

1. d4 f5 2. e4 fxe4 3. Nc3 e6 4. Nxe4 Nf6 5. Bg5 Be7 6. Bxf6 Bxf6 7. Nf3 d6 8.
Bd3 Nc6 9. c3 d5 10. Nxf6+ gxf6 11. Nh4 Qe7 12. Qh5+ Kd7 13. O-O-O b6 14. Rhe1
Nd8 15. f4 c6 16. f5 Kc7 17. fxe6 Bxe6 18. Qh6 Qd6 19. Qg7+ Nf7 20. Qxf6 Rae8
21. Nf3 Qe7 22. Qf4+ Nd6 23. Ng5 Qd7 24. Re5 h6 25. Nxe6+ Rxe6 26. Rde1 Ree8
27. Rxe8 Rxe8 28. Rxe8 Qxe8 29. Qxh6 Qe1+ 30. Kc2 Ne4 31. Qf4+ Kd7 32. g4 a5
33. g5 a4 34. a3 Qh1 35. Bxe4 dxe4 36. Qf2 e3 37. Qxe3 Qxh2+ 38. Qd2 Qh7+ 39.
Qd3 Qh2+ 40. Qd2 Qh7+ 41. Kd1 Qh1+ 42. Ke2 Qg2+ 43. Kd3 Qf1+ 44. Ke4 Qh1+ 45.
Kf5 Qh3+ 46. Kg6 Qe6+ 47. Kh5 Qh3+ 48. Kg6 Qe6+ 49. Kg7 Qe7+ 50. Kh6 Qf8+ 51.
Kh5 1/2-1/2

[Event "C.to Regionale Veneto"]
[Site "Arqua' Petrarca ITA"]
[Date "2007.05.06"]
[Round "3"]
[White "Rossi, Carlo"]
[Black "Sgaravatti, Francesco"]
[Result "1-0"]
[WhiteElo "2342"]
[BlackElo "2165"]
[PlyCount "95"]
[EventDate "2007.05.05"]

1. e4 e6 2. Bb5 c6 3. Ba4 d5 4. e5 b6 5. Nf3 Ba6 6. d3 Ne7 7. O-O Nd7 8. c3 Qc7
9. Re1 c5 10. Na3 Ng6 11. h4 O-O-O 12. d4 h6 13. h5 Ne7 14. Nb5 Bxb5 15. Bxb5
Kb7 16. a4 a6 17. Bxd7 Qxd7 18. a5 c4 19. axb6 Qb5 20. b3 Qxb3 21. Qd2 Nc6 22.
Qf4 Rd7 23. Bd2 Qc2 24. Reb1 Rg8 25. Ne1 Qh7 26. Qg4 Be7 27. Qd1 Ra8 28. Ra4
Qf5 29. Rb2 f6 30. exf6 Bxf6 31. g4 Qe4 32. f3 Qh7 33. Be3 g6 34. hxg6 Qxg6 35.
Rh2 Bg5 36. Qd2 Rg7 37. Ng2 Rf8 38. Bxg5 hxg5 39. Ne1 Rh7 40. Rxh7+ Qxh7 41.
Ra2 Rh8 42. Qg2 Qb1 43. Re2 Rh6 44. Qg3 Qh7 45. Ng2 Rh1+ 46. Kf2 Kxb6 47. Rb2+
Ka7 48. Qd6 1-0

[Event "C.to Regionale Veneto"]
[Site "Arqua' Petrarca ITA"]
[Date "2007.05.13"]
[Round "5"]
[White "Pomaro, Alberto"]
[Black "Sgaravatti, Francesco"]
[Result "0-1"]
[WhiteElo "2128"]
[BlackElo "2165"]
[PlyCount "74"]
[EventDate "2007.05.05"]

1. d4 f5 2. g3 Nf6 3. Bg2 d6 4. Nf3 g6 5. O-O Bg7 6. c4 O-O 7. Nc3 Qe8 8. d5
Na6 9. Rb1 c5 10. dxc6 bxc6 11. b4 Rb8 12. b5 cxb5 13. cxb5 Nc5 14. Nd4 Nfe4
15. Nxe4 fxe4 16. a4 Bd7 17. Ba3 Kh8 18. Bxc5 dxc5 19. Nb3 e3 20. Nxc5 exf2+
21. Kh1 Bg4 22. Bf3 Rd8 23. Qb3 Bh3 24. Bc6 Bxf1 25. Bxe8 Bh3 26. Bf7 Rxf7 27.
Qxf7 Rf8 28. Qxf8+ Bxf8 29. a5 e5 30. Ne4 Bf5 31. Nxf2 Bxb1 32. b6 a6 33. Kg2
Kg7 34. b7 Bd6 35. Kf1 Kf7 36. Ke1 Ke7 37. Kd1 e4 0-1

[Event "C.to Regionale Veneto"]
[Site "Arqua' Petrarca ITA"]
[Date "2007.05.13"]
[Round "5"]
[White "Rossi, Carlo"]
[Black "Capuano, Eugenio"]
[Result "0-1"]
[WhiteElo "2342"]
[BlackElo "2237"]
[PlyCount "76"]
[EventDate "2007.05.05"]

1. e4 c5 2. Nf3 Nc6 3. Bb5 e6 4. O-O Nge7 5. c3 a6 6. Ba4 b5 7. Bc2 Bb7 8. Re1
Rc8 9. a4 Ng6 10. axb5 axb5 11. Na3 Ra8 12. Rb1 Ba6 13. Bd3 Qb6 14. Bf1 b4 15.
Nc4 Bxc4 16. Bxc4 Nge5 17. Nxe5 Nxe5 18. Bd5 Rc8 19. d4 cxd4 20. cxd4 Nc4 21.
Bxc4 Rxc4 22. Be3 Be7 23. d5 Qc7 24. Ra1 O-O 25. Ra7 Qd6 26. Qa4 Rxe4 27. Rxd7
b3 28. Qa7 Qb4 29. Rf1 exd5 30. Rxd5 Qc4 31. Rd7 Re8 32. Rc1 Qe6 33. g3 h5 34.
Rcc7 h4 35. gxh4 Qh3 36. Rd4 Bd6 37. Rxe4 Bxh2+ 38. Kh1 Bxc7+ 0-1

[Event "VII Festival Hotel Petra A"]
[Site "Roma ITA"]
[Date "2007.01.02"]
[Round "1"]
[White "Bellincampi, Stefano"]
[Black "Di Caro, Calogero"]
[Result "1/2-1/2"]
[WhiteElo "2056"]
[BlackElo "2359"]
[PlyCount "61"]
[EventDate "2007.01.02"]

1. e4 c5 2. Nf3 Nc6 3. c3 e6 4. d4 d5 5. exd5 exd5 6. Bb5 Bd6 7. dxc5 Bxc5 8.
O-O Nge7 9. Nbd2 O-O 10. Nb3 Bd6 11. Bd3 h6 12. h3 Nf5 13. Bc2 Re8 14. Qd3 g6
15. Qd1 Kh7 16. Bxf5 Bxf5 17. Nbd4 Be4 18. Be3 Qf6 19. Qd2 g5 20. Rfe1 Rg8 21.
Nh2 Ne5 22. f3 Nc4 23. Qf2 Nxe3 24. Qxe3 Bf4 25. Qe2 Bg6 26. Ng4 Qb6 27. Qb5
Qd6 28. Qxd5 Qb6 29. Qb5 Qxb5 30. Nxb5 Rgd8 31. Nd4 1/2-1/2

[Event "VII Festival Hotel Petra A"]
[Site "Roma ITA"]
[Date "2007.01.03"]
[Round "2"]
[White "Rettore, Ludwig"]
[Black "Sibilio, Mario"]
[Result "1/2-1/2"]
[WhiteElo "2167"]
[BlackElo "2395"]
[PlyCount "215"]
[EventDate "2007.01.02"]

1. e4 d6 2. d4 Nf6 3. Nc3 g6 4. Bc4 Bg7 5. Qf3 Nc6 6. Nge2 Bg4 7. Qe3 Bxe2 8.
Nxe2 O-O 9. O-O e6 10. c3 d5 11. exd5 exd5 12. Bd3 Qd7 13. f3 Rae8 14. Qf2 Nd8
15. Bd2 Ne6 16. b4 Re7 17. Rfe1 Qd6 18. Qg3 Qxg3 19. Nxg3 Rfe8 20. Re2 Nd7 21.
Rae1 Bf6 22. Nh1 Nb6 23. Nf2 h5 24. f4 c6 25. f5 gxf5 26. Bxf5 Nc4 27. Bc1 Nc7
28. Rxe7 Rxe7 29. Rxe7 Bxe7 30. a4 a5 31. bxa5 Nxa5 32. Nh3 b5 33. Bc2 Nc4 34.
Ng5 Bd6 35. Nf3 Ne6 36. axb5 cxb5 37. g3 Be7 38. h4 Bf6 39. Kg2 Nd8 40. Ng5 Nc6
41. Bd1 b4 42. cxb4 Nxb4 43. Bxh5 Nd3 44. Bxf7+ Kg7 45. Bxd5 Nb6 46. Ne6+ Kh8
47. Bg5 Bxg5 48. Be4 Ne1+ 49. Kf1 Bd2 50. Ke2 Bb4 51. d5 Nc4 52. Nd4 Nd6 53.
Bb1 Kg7 54. Nf5+ Nxf5 55. Bxf5 Kf6 56. Be4 Ke5 57. Bh1 Nc2 58. h5 Bf8 59. Kd3
Nb4+ 60. Kc4 Nc2 61. Kb5 Nd4+ 62. Kc4 Nf5 63. g4 Ne3+ 64. Kb5 Nxg4 65. Bf3 Ne3
66. Kc6 Nf5 67. Kd7 Bh6 68. Ke8 Nd6+ 69. Kd7 Bf4 70. Kc6 Nf7 71. Kd7 Kf6 72.
Be4 Nd6 73. Bf3 Nc4 74. Kc8 Ke7 75. Kb7 Ne5 76. Be4 Kd6 77. Kb6 Nd7+ 78. Kb5
Nf6 79. Bf3 Be3 80. Kc4 Ke5 81. Kd3 Kf4 82. Ke2 Bc5 83. Bh1 Nxh5 84. Kd3 Bd6
85. Kc4 Ng3 86. Bg2 Nf5 87. Kb5 Nd4+ 88. Kb6 Kg4 89. Be4 Kf4 90. Bg2 Nb3 91.
Kc6 Ke5 92. Bh1 Nd4+ 93. Kb6 Nf5 94. Bg2 Ne7 95. Bh1 Kd4 96. Kb5 Kc3 97. Bg2
Nf5 98. Bh1 Nd4+ 99. Kb6 Kb4 100. Bg2 Bh2 101. Bh1 Nf5 102. Kc6 Kc4 103. Bg2
Kd4 104. Bh1 Ke5 105. Bg2 Bg1 106. Bh1 Ne7+ 107. Kd7 Nxd5 108. Bxd5 1/2-1/2

[Event "VII Festival Hotel Petra A"]
[Site "Roma ITA"]
[Date "2007.01.04"]
[Round "3"]
[White "Guidi, Marco"]
[Black "Campomori, Bruno"]
[Result "1/2-1/2"]
[WhiteElo "1906"]
[BlackElo "2027"]
[PlyCount "37"]
[EventDate "2007.01.02"]

1. a3 d5 2. Nf3 Nf6 3. c4 e6 4. d4 Be7 5. Bg5 Nbd7 6. e3 O-O 7. Nc3 b6 8. cxd5
exd5 9. Rc1 Bb7 10. Bd3 c5 11. O-O Ne4 12. Bxe7 Qxe7 13. Bb5 Rfd8 14. Bxd7 Rxd7
15. Qc2 f6 16. Nd2 cxd4 17. exd4 Nxc3 18. Qxc3 Rc8 19. Qe3 1/2-1/2

[Event "II Weekend FirenzeScacchi A"]
[Site "Firenze ITA"]
[Date "2007.10.26"]
[Round "1"]
[White "Bartoli, Fabio"]
[Black "Bini, Lorenzo"]
[Result "1/2-1/2"]
[WhiteElo "1662"]
[BlackElo "2023"]
[PlyCount "29"]
[EventDate "2007.10.26"]

1. e4 b6 2. d4 Bb7 3. Bd3 Nf6 4. Nc3 e6 5. Nf3 Bb4 6. e5 Ne4 7. Bd2 Nxd2 8.
Nxd2 Bxc3 9. bxc3 Qg5 10. Qe2 a5 11. Be4 Bxe4 12. Qxe4 Nc6 13. f4 Qg6 14. O-O
Qxe4 15. Nxe4 1/2-1/2

[Event "II Weekend FirenzeScacchi A"]
[Site "Firenze ITA"]
[Date "2007.10.26"]
[Round "1"]
[White "Bighiu, Gheorghe"]
[Black "Malescusi, Luciano"]
[Result "1-0"]
[WhiteElo "2043"]
[BlackElo "1873"]
[PlyCount "62"]
[EventDate "2007.10.26"]

1. e4 e5 2. a3 Nc6 3. Nc3 Nf6 4. Nf3 Be7 5. d4 d6 6. d5 Nb8 7. h3 O-O 8. Bd3
Nbd7 9. Be3 c6 10. dxc6 bxc6 11. Bc4 Nxe4 12. Nxe4 d5 13. Bxd5 cxd5 14. Qxd5
Qc7 15. O-O Bb7 16. Qd3 Rad8 17. Nfg5 Bxg5 18. Nxg5 Nf6 19. Qe2 Qc6 20. Nf3
Rfe8 21. Rfd1 Ba6 22. c4 Rxd1+ 23. Rxd1 e4 24. Nd4 Qxc4 25. Qxc4 Bxc4 26. Nf5
a6 27. Rd4 Bd3 28. g4 h6 29. Bd2 Re5 30. Rd8+ Kh7 31. Bc3 Rd5 1-0

[Event "II Weekend FirenzeScacchi A"]
[Site "Firenze ITA"]
[Date "2007.10.26"]
[Round "1"]
[White "Cassai, Mario"]
[Black "Scali, Fausto"]
[Result "1/2-1/2"]
[WhiteElo "1814"]
[BlackElo "2042"]
[PlyCount "62"]
[EventDate "2007.10.26"]

1. e4 Nf6 2. e5 Nd5 3. d4 d6 4. exd6 cxd6 5. Nf3 Bg4 6. Be2 e6 7. O-O Be7 8. c4
Nf6 9. Nc3 O-O 10. Be3 Nc6 11. Rc1 d5 12. cxd5 Nxd5 13. Nxd5 Qxd5 14. a3 Rad8
15. Ne5 Bxe2 16. Nxc6 bxc6 17. Qxe2 Rd7 18. Qc4 Rc8 19. b4 Bf6 20. Qa6 Rcd8 21.
Qxc6 Bxd4 22. Qxd5 Rxd5 23. Bxd4 Rxd4 24. Rc7 R8d7 25. Rxd7 Rxd7 26. Rc1 Kf8
27. Rc8+ Ke7 28. Kf1 Kd6 29. Ke2 f5 30. f4 e5 31. Rf8 g6 1/2-1/2

[Event "II Weekend FirenzeScacchi A"]
[Site "Firenze ITA"]
[Date "2007.10.26"]
[Round "1"]
[White "Codenotti, Marco"]
[Black "Rinaldi, Francesco Saverio"]
[Result "1/2-1/2"]
[WhiteElo "2002"]
[BlackElo "2187"]
[PlyCount "59"]
[EventDate "2007.10.26"]

1. e4 g6 2. d4 Bg7 3. Nc3 d6 4. f4 a6 5. Nf3 b5 6. a3 Bb7 7. Bd3 Nd7 8. O-O c5
9. dxc5 Nxc5 10. Be3 Rc8 11. Bd4 Bxd4+ 12. Nxd4 Nf6 13. Qe2 Qb6 14. Kh1 Nxd3
15. Qxd3 Rc4 16. Rad1 O-O 17. Rfe1 e5 18. fxe5 dxe5 19. Nf3 Ng4 20. Re2 Nf2+
21. Rxf2 Qxf2 22. Nxe5 Rcc8 23. Rf1 Qh4 24. Nd7 Rcd8 25. Nf6+ Kg7 26. Qe3 Rd6
27. Rf4 Qh6 28. Ne8+ Rxe8 29. Rxf7+ Kxf7 30. Qxh6 1/2-1/2

[Event "II Weekend FirenzeScacchi A"]
[Site "Firenze ITA"]
[Date "2007.10.26"]
[Round "1"]
[White "Contini, Davide"]
[Black "Burgassi, Daniele"]
[Result "1/2-1/2"]
[WhiteElo "2173"]
[BlackElo "1939"]
[PlyCount "58"]
[EventDate "2007.10.26"]

1. d4 Nf6 2. Nf3 c5 3. c3 e6 4. Bg5 d5 5. e3 Be7 6. Nbd2 O-O 7. Ne5 Nbd7 8.
Nxd7 Nxd7 9. Bxe7 Qxe7 10. f4 f5 11. Be2 g5 12. Qb3 c4 13. Qb4 Qg7 14. O-O-O a5
15. Qa3 b5 16. Nf3 g4 17. Ne5 Nxe5 18. dxe5 Qb7 19. e4 b4 20. Qa4 Bd7 21. Qc2
Rfb8 22. exd5 exd5 23. g3 a4 24. a3 bxc3 25. bxc3 Be6 26. Kd2 Qb3 27. Ra1 Bd7
28. Rhb1 Qxc2+ 29. Kxc2 Rb3 1/2-1/2

[Event "II Weekend FirenzeScacchi A"]
[Site "Firenze ITA"]
[Date "2007.10.26"]
[Round "1"]
[White "Del Giudice, Stefano"]
[Black "Adriani, Vieri"]
[Result "0-1"]
[WhiteElo "2030"]
[BlackElo "1662"]
[PlyCount "64"]
[EventDate "2007.10.26"]

1. Nf3 d5 2. d4 Nf6 3. c4 e6 4. Nc3 c6 5. e3 Qa5 6. Bd2 dxc4 7. Bxc4 Qb4 8. Bb3
Qa5 9. O-O Nbd7 10. e4 Qa6 11. d5 Nc5 12. dxe6 Bxe6 13. Bxe6 Nxe6 14. e5 Nd5
15. Nxd5 cxd5 16. Bc3 Rd8 17. Nd4 Bc5 18. b4 Be7 19. a4 O-O 20. b5 Qb6 21. Rc1
Rc8 22. Nf5 Ba3 23. Bb2 Rxc1 24. Bxc1 Bc5 25. Qg4 Qc7 26. Bb2 d4 27. Qe4 Rd8
28. Rd1 Qa5 29. Qc2 Qb4 30. g3 d3 31. Qc3 Qe4 32. Nd6 Bxf2+ 0-1

[Event "II Weekend FirenzeScacchi A"]
[Site "Firenze ITA"]
[Date "2007.10.26"]
[Round "1"]
[White "Garofalo, Simone"]
[Black "Ljubisavljevic, Zivojin Z."]
[Result "0-1"]
[WhiteElo "2022"]
[BlackElo "2319"]
[PlyCount "102"]
[EventDate "2007.10.26"]

1. e4 g6 2. d4 Bg7 3. Nf3 d6 4. Be2 Nf6 5. Nc3 O-O 6. O-O Bg4 7. Be3 Nc6 8. d5
Nb8 9. Qd2 c5 10. Bh6 Na6 11. Bxg7 Kxg7 12. Rfe1 Nc7 13. Rad1 b5 14. Qf4 Bxf3
15. Bxf3 b4 16. Nb1 Nb5 17. e5 dxe5 18. Qxe5 Re8 19. c3 bxc3 20. bxc3 Rb8 21.
Nd2 Qd6 22. Qe3 Na3 23. Ne4 Nxe4 24. Qxe4 Nb5 25. Qc2 Qf6 26. Rc1 Qb6 27. Re2
Qa5 28. h4 Nd6 29. Rce1 Nf5 30. h5 Qc7 31. Bg4 Nh6 32. Bf3 Ng8 33. Qd2 Rb6 34.
hxg6 hxg6 35. g3 Rf6 36. Kg2 Qd7 37. Re5 Nh6 38. Rh1 Rh8 39. Qe3 Nf5 40. Qxc5
Rxh1 41. Kxh1 Nxg3+ 42. Kg2 Nf5 43. Re4 Nd6 44. Re1 Qf5 45. Qe3 g5 46. Rh1 g4
47. Be2 Qxd5+ 48. Kg1 Ne4 49. Bd3 Nxf2 50. Rh7+ Kf8 51. c4 Qxd3 0-1

[Event "II Weekend FirenzeScacchi A"]
[Site "Firenze ITA"]
[Date "2007.10.26"]
[Round "1"]
[White "Ghods, Maziar"]
[Black "De Filomeno, Simone"]
[Result "1/2-1/2"]
[WhiteElo "1874"]
[BlackElo "2045"]
[PlyCount "64"]
[EventDate "2007.10.26"]

1. e4 c5 2. c3 Nf6 3. e5 Nd5 4. d4 cxd4 5. Nf3 d6 6. Qxd4 e6 7. Nbd2 Bd7 8. Nc4
Nc6 9. Qg4 dxe5 10. Ncxe5 Nxe5 11. Nxe5 Qc7 12. Nxd7 Qxd7 13. Bc4 Nf6 14. Qe2
a6 15. a4 Be7 16. Bf4 O-O 17. O-O Rac8 18. a5 Qc6 19. Bd3 Nd5 20. Bg3 Rfd8 21.
Be4 Qc5 22. Be5 Bg5 23. g3 Qe7 24. Bg2 Bf6 25. Bxf6 Nxf6 26. Rfd1 Qc7 27. Rd2
Rxd2 28. Qxd2 Rd8 29. Qc2 Ne8 30. Qb3 Nd6 31. Qa4 Nc4 32. Qb4 Nd6 1/2-1/2

[Event "II Weekend FirenzeScacchi A"]
[Site "Firenze ITA"]
[Date "2007.10.26"]
[Round "1"]
[White "Madiai, Federico"]
[Black "Cocuzzi, Edoardo"]
[Result "1-0"]
[WhiteElo "2055"]
[BlackElo "1892"]
[PlyCount "89"]
[EventDate "2007.10.26"]

1. Nf3 d5 2. d4 Nf6 3. c4 e6 4. g3 c6 5. Bg2 Nbd7 6. O-O Bd6 7. Nc3 dxc4 8. e4
Bb4 9. Qe2 Bxc3 10. bxc3 b5 11. Ba3 Nb6 12. Ne5 Bb7 13. Rfd1 Na4 14. Rac1 Qc7
15. Qc2 c5 16. Nxc4 O-O 17. d5 exd5 18. exd5 Nb6 19. Ne3 Rab8 20. d6 Qc8 21.
Nf5 Kh8 22. Ne7 Qe6 23. Bxb7 Rxb7 24. Bxc5 Nbd5 25. Re1 Qh3 26. Rcd1 Nxc3 27.
Rd4 Na4 28. Rh4 Qd7 29. Nd5 Ne4 30. Qxe4 f5 31. Qe7 Qc8 32. Rxa4 Rxe7 33. dxe7
Re8 34. Rxa7 Qxc5 35. Ra8 Rxa8 36. e8=Q+ Qf8 37. Qxf8+ Rxf8 38. Nc7 Rb8 39.
Nxb5 h6 40. Nd6 Rb2 41. Ra1 g6 42. a4 h5 43. a5 h4 44. a6 hxg3 45. hxg3 1-0

[Event "II Weekend FirenzeScacchi A"]
[Site "Firenze ITA"]
[Date "2007.10.26"]
[Round "1"]
[White "Tocchioni, Doriano"]
[Black "Bini, Alessandro"]
[Result "1-0"]
[WhiteElo "2290"]
[BlackElo "2009"]
[PlyCount "97"]
[EventDate "2007.10.26"]

1. Nf3 g6 2. d4 Bg7 3. c3 d6 4. Bg5 b6 5. e4 c6 6. Nbd2 Ba6 7. Bxa6 Nxa6 8. Qe2
Nc7 9. O-O Qd7 10. a4 Ne6 11. e5 d5 12. a5 Qb7 13. axb6 axb6 14. Rxa8+ Qxa8 15.
Nb3 Nxg5 16. Nxg5 e6 17. Ra1 Qb8 18. Qa6 Nh6 19. Qa8 O-O 20. Qxc6 b5 21. Ra6
Rc8 22. Rb6 Qa8 23. Qxa8 Rxa8 24. Rxb5 Ra2 25. Nd2 Bf8 26. Rb8 Kg7 27. Rb7 Ba3
28. bxa3 Rxd2 29. g3 Kg8 30. h3 Rc2 31. Rb3 Nf5 32. a4 h6 33. Nf3 Ra2 34. Rb4
Ra1+ 35. Kg2 Ra2 36. Kf1 Ne7 37. Rb8+ Kg7 38. Ra8 Ra3 39. a5 Rxc3 40. Kg2 Nc8
41. Nd2 f6 42. Rb8 fxe5 43. dxe5 d4 44. a6 Rc2 45. Ne4 d3 46. a7 Nxa7 47. Rb7+
Kf8 48. Rxa7 Ke8 49. Ra3 1-0

[Event "II Weekend FirenzeScacchi A"]
[Site "Firenze ITA"]
[Date "2007.10.26"]
[Round "1"]
[White "Tocchioni, Maurizio"]
[Black "Corso, Roberto"]
[Result "1-0"]
[WhiteElo "1916"]
[BlackElo "2096"]
[PlyCount "81"]
[EventDate "2007.10.26"]

1. d4 d5 2. Nf3 c6 3. c3 Bf5 4. Bf4 Qb6 5. Qb3 Nd7 6. Nbd2 Ngf6 7. h3 e6 8. Nh4
Bg6 9. Nxg6 hxg6 10. e3 Be7 11. Bd3 Nh5 12. Bh2 c5 13. Qxb6 axb6 14. Bb5 Nhf6
15. a4 O-O 16. O-O Rfc8 17. g4 Nb8 18. Kg2 Nc6 19. Bd3 Ra7 20. Bb5 Ne8 21. f3
Bd6 22. f4 Nc7 23. f5 Bxh2 24. Kxh2 gxf5 25. gxf5 Ne7 26. fxe6 fxe6 27. Bd3
Rca8 28. b3 Nc6 29. Rf4 e5 30. Rg4 e4 31. Nxe4 dxe4 32. Bc4+ Kf8 33. Rf1+ Ke8
34. Rxe4+ Kd7 35. Rf7+ Kc8 36. Rxg7 cxd4 37. cxd4 b5 38. axb5 Ra2+ 39. Kg3 Nd8
40. Ree7 Nxb5 41. Bxb5 1-0

[Event "II Weekend FirenzeScacchi A"]
[Site "Firenze ITA"]
[Date "2007.10.26"]
[Round "2"]
[White "Adriani, Vieri"]
[Black "Madiai, Federico"]
[Result "1/2-1/2"]
[WhiteElo "1662"]
[BlackElo "2055"]
[PlyCount "66"]
[EventDate "2007.10.26"]

1. d4 Nf6 2. c4 g6 3. Nc3 d5 4. Bf4 Bg7 5. Nf3 c5 6. dxc5 Qa5 7. Qd2 dxc4 8.
Rd1 O-O 9. e4 Bg4 10. Bxc4 Bxf3 11. gxf3 Qxc5 12. Bb3 Nc6 13. O-O Rad8 14. Qe3
Nd4 15. Na4 Qb4 16. a3 Qxb3 17. Rxd4 Qxe3 18. Bxe3 Nd7 19. Rd5 e6 20. Rb5 b6
21. Rc1 Rc8 22. Rd1 Rfd8 23. Bg5 f6 24. Bf4 Nf8 25. Rxd8 Rxd8 26. Nc3 Nd7 27.
Rb4 Nc5 28. Be3 Nd3 29. Ra4 Rd7 30. Nb5 Nxb2 31. Rxa7 Rxa7 32. Nxa7 Nc4 33. a4
Nb2 1/2-1/2